000 00783nam a22002177a 4500
003 UA-OsUOA
001 126365
007 ta
008 20171017b un ||||| |||| 00| 0 ukr d
100 _aТараненко О.О.
090 _a81
_bТ19
942 _cSA
040 _aUA-OsUOA
_bukr
_cUA-OsUOA
_dUA-OsUOA
245 _aАктивізація змін у межах явища мовної варіантності в українській літературній мові новітнього періоду (кінець ХХ - початок ХХІ ст.)
300 _aС.65-81
955 _a0
041 _aukr
080 _a81
773 0 _w126362
650 7 _a8 Мовознавство. Художня література. Літературознавство
_2UDC
999 _c414782
_d414782